000 00964nam a2200265 a 4500
001 ebr10416471
003 CaPaEBR
006 m u
007 cr cn|||||||||
008 101214s2009 ii a s 000 0 eng d
020 _z9788182472426
040 _aCaPaEBR
_cCaPaEBR
035 _a(OCoLC)657124546
050 1 4 _aHD69.T54
_bC44 2009eb
100 1 _aCheema, D. S.
245 1 0 _aTime management
_h[electronic resource] /
_cD.S. Cheema.
250 _a1st ed.
260 _aChandigarh :
_bAbhishek Publications,
_c2009.
300 _a195 p. :
_bill.
533 _aElectronic reproduction.
_bPalo Alto, Calif. :
_cebrary,
_d2011.
_nAvailable via World Wide Web.
_nAccess may be limited to ebrary affiliated libraries.
650 0 _aTime management.
655 7 _aElectronic books.
_2local
710 2 _aebrary, Inc.
856 4 0 _uhttp://site.ebrary.com/lib/rucke/Doc?id=10416471
_zAn electronic book accessible through the World Wide Web; click to view
999 _c84297
_d84297